Escudos de Times de Futebol de Alagoas - Statistics

Estatísticas Gerais
  • Esse quiz foi jogado 25 vezes
  • A pontuação média é 8 de 15
Estatísticas das Respostas
Imagem Resposta % Correto
CRB
100%
CSA
100%
ASA
95%
Cruzeiro
81%
CSE
71%
Penedense
62%
Murici
48%
Coruripe
43%
Aliança
38%
Zumbi
38%
Jacyobá
29%
Sporting
24%
Miguelense
14%
Nova Cruz
5%
São Domingos
5%
Nenhum quiz correspondente encontrado
Distribuição das Pontuações
Porcentagem de Pessoas com Cada Pontuação
Percentil de Números Respondidos
Sua Pontuação Histórica
Você não jogou esse quiz